Els Moviments d'emancipació nacional / Andreu Nin
Descripción Física:
238 p., 1 f. ; 17 cm
Colección:
Biblioteca el camí
Materias:
Nacionalisme
MARC
| LEADER | 00000nam a2200000Ia 4500 | ||
|---|---|---|---|
| 001 | 774 | ||
| 008 | 160829s1935 xx 000 0 cat d | ||
| 080 | |a M-3-44 | ||
| 100 | |a Nin, Andreu |9 20239 | ||
| 245 | |a Els Moviments d'emancipació nacional / Andreu Nin | ||
| 260 | |a Barcelona : |b Edicions Proa, |c 1935 | ||
| 300 | |a 238 p., 1 f. ; |c 17 cm | ||
| 490 | |a Biblioteca el camí | ||
| 650 | |a Nacionalisme |9 39944 | ||
| 901 | |a Arxiu | ||
| 942 | |n 1 | ||
| 952 | |0 0 |1 0 |4 0 |6 M344 |7 1 |9 41504 |a Arxiu |b Arxiu |d 2016-12-01 |l 0 |o M-3-44 |p 774 |r 2016-12-01 00:00:00 |w 2016-12-01 |y ARXIU | ||
| 999 | |c 43312 |d 43312 | ||